Implementación en línea de la automatización residencial “Living & Light” zona pacífico /

Guardado en:
Bibliografiske detaljer
Hovedforfatter: Jileta Bogarín, Iván Omar (autor)
Format: Tesis Bog
Sprog:spansk
Fag:
Tags: Tilføj Tag
Ingen Tags, Vær først til at tagge denne postø!

MARC

LEADER 00000nam^a2200000^a^4500
001 000185165
005 20250521000000.0
009 20260310102140.905
037 |a Acervo ITESO - Biblioteca 
041 |a ESP 
090 |a IEL. 323 
100 |a Jileta Bogarín, Iván Omar  |e (autor) 
245 1 0 |a Implementación en línea de la automatización residencial “Living & Light” zona pacífico /  |c I.O. Jileta Bogarían. 
264 |a Guadalajara, México :  |b edición de autor,  |c 2002 
300 |a 1 disco compacto de computadora 
336 |a datos para computadora  |b cod  |2 rdacontenido 
337 |a computadora  |b c  |2 rdamedio 
338 |a disco de computadora  |b cd  |2 rdasoporte 
502 |a ITESO Reporte Profesional de Licenciatura en Ingeniería Electrónica 
649 |a XX 
650 |a Ingenieros Electrónicos -  |x Prácticas Profesionales 
650 |a Interruptores Eléctricos 
650 |a Electricidad -  |x Equipo y Aparatos 
650 |a Industria Eléctrica 
650 |a Experiencia Profesional -  |x Informes 
650 |a Ingeniería Electrónica -  |x Prácticas Profesionales 
910 |a Fondo General 
920 |a Electrónicos - Tesis del ITESO en Disco 
905 |a 202 
901 |a 0500126383  |b IT2  |c STS  |u 20250521 
902 |a https://opac.biblio.iteso.mx/vufind/Record/000185165